000 01618cam a2200133 4500500
005 20260405033451.0
041 _afre
042 _adc
100 1 0 _aBenamouzig, Daniel
_eauthor
245 0 0 _aLa santé au miroir de l'économie : Une histoire de l'économie de la santé en France
260 _bPresses Universitaires de France,
_c2005.
520 _aLe système de santé est, en France, en chantier. Des parcours de soins doivent rendre l’accès des patients aux médecins plus pertinents, les malades se voient reconnaître des droits et sont associés à la «régulation» du système de santé… Pourtant le problème perdure, le «trou de la sécu» est toujours là et la situation est aussi ancienneque la sécurité sociale elle-même. Les raisons du déficit sont connues, elles tiennent aux principes dufinancement: d’un côté des cotisations qui dépendent de l’activité économique, de l’autredes dépenses qui augmentent. Les remèdes varient pour tenter d’équilibrer le système mais il faut infléchir les logiques. D’où la nécessité d’entreprendre une véritable réflexion économique pour comprendre les mécanismes de l’évolution dans le domaine de la santé. C’est ce que retrace ce livre:ledéveloppement d’une économie de la santé. Il étudie les usages du raisonnement économique dans le domaine de la santé depuis les années cinquante ainsi quel’activité sociale, institutionnelle et politique du travail des économistes.
856 4 1 _uhttps://shs.cairn.info/la-sante-au-miroir-de-l-economie--9782130549024?lang=fr&redirect-ssocas=7080
999 _c2162122
_d2162122